000 00526nam a2200193Ia 4500
008 151121s9999||||xx |||||||||||||| ||und||
082 _a813/कदम
082 _bHNW-69825
100 _aकदम बाबा
245 _aपिकनिक
260 _b"मधुराज प्रकाशन, पुणे।"
260 _c--
300 _a168
600 _aकदम बाबा
630 _aपिकनिक
700 _aकदम बाबा
730 _aपिकनिक
942 _cBOOK
999 _c1251305
_d1251302